Góc sân và khoảng trời, Bên cửa sổ máy bay, Thơ Trần Đăng Khoa : Thơ

Đã lưu trong:
Bibliografiske detaljer
Hovedforfatter: Trần, Đăng Khoa
Format: Bog
Sprog:Undetermined
Udgivet: Hà Nội Hội Nhà văn 2015
Fag:
Tags: Tilføj Tag
Ingen Tags, Vær først til at tagge denne postø!
Thư viện lưu trữ: Trung tâm Học liệu Trường Đại học Cần Thơ
LEADER 00685nam a2200205Ia 4500
001 CTU_210247
008 210402s9999 xx 000 0 und d
082 |a 895.922134 
082 |b Kh401 
100 |a Trần, Đăng Khoa 
245 0 |a Góc sân và khoảng trời, Bên cửa sổ máy bay, Thơ Trần Đăng Khoa : 
245 0 |b Thơ 
245 0 |c Trần Đăng Khoa 
260 |a Hà Nội 
260 |b Hội Nhà văn 
260 |c 2015 
650 |a Vietnamese literature,Văn học Việt Nam 
650 |y 20th century,Thế kỷ 20 
904 |i Trần Thu Thảo, trúc 
980 |a Trung tâm Học liệu Trường Đại học Cần Thơ